000 00593nam a2200229Ia 4500
003 OSt
005 20220924143604.0
006 a|||||r|||| 00| 0
007 ta
008 220923b |||||||| |||| 00| 0 urd d
024 _a309112
037 _cTextual
040 _aARTS
_cARTS
_burd
041 _2urd
_aurd
082 _aO152,3NGU,1, 168K4
100 _aGupta Siyaram Sharan
_9216397
245 0 _aAurat
260 _c1964
650 _aHINDI LITERATURE
_923866
942 _hO152,3NGU,1, 168K4
_cTEXL
_2CC
999 _c455113
_d455113